| 000 | 01954cam a2200397 a 4500 | ||
|---|---|---|---|
| 001 | 14075181 | ||
| 003 | BDDh-ASL | ||
| 005 | 20231015031347.0 | ||
| 008 | 050815s2005 gau 000 0deng | ||
| 010 | _a 2005022975 | ||
| 020 | _a0932863442 (alk. paper) | ||
| 020 | _a9780932863447 (alk. paper) | ||
| 035 | _a(OCoLC)ocm61303362 | ||
| 035 | _a(OCoLC)61303362 | ||
| 040 |
_aDLC _cBDDh-ASL _dDLC |
||
| 043 | _an-us--- | ||
| 050 | 0 | 0 |
_aBP221 _b.W28 2005 |
| 082 | 0 | 0 |
_a297.8709 _222 _bWAI |
| 084 |
_a71.62 _2bcl |
||
| 100 | 1 | _aWalker, Dennis. | |
| 245 | 1 | 0 |
_aIslam and the search for African-American nationhood : _bElijah Muhammad, Louis Farrakhan, and the Nation Of Islam / _cby Dennis Walker. |
| 260 |
_aAtlanta : _bClarity Press, _cc2005. |
||
| 300 |
_a597 p. ; _c23 cm. |
||
| 504 | _aIncludes bibliographical references and index. | ||
| 505 | 0 | _aThe Nation of Islam and its successors after 1975 : from millenarian protest to transcontinental relationships -- African Islam in the evolution of the African-American nation : formation and development of America's multi-ethnic society -- The difficult rebirth of Islam among African-Americans, 1900-1950 -- The heyday of Elijah : his articulation of ideology in the 1960s and 1970s -- Elijah Muhammad's Muslims in a changing America -- The rise of Farrakhan in Elijah's Noi -- Farrakhan's changing post-1990 nation of Islam. | |
| 600 | 0 | 0 |
_aElijah Muhammad, _d1897-1975. |
| 600 | 1 | 0 | _aFarrakhan, Louis. |
| 610 | 2 | 0 | _aNation of Islam (Chicago, Ill.) |
| 650 | 0 |
_aAfrican American Muslims _xHistory. |
|
| 650 | 0 |
_aAfrican Americans _xReligion _xHistory. |
|
| 651 | 0 |
_aUnited States _xRace relations _xHistory. |
|
| 856 | 4 | 1 |
_3Table of contents _uhttp://www.loc.gov/catdir/toc/ecip0517/2005022975.html |
| 906 |
_a7 _bcbc _corignew _d1 _eecip _f20 _gy-gencatlg |
||
| 942 |
_2ddc _cBK |
||
| 999 |
_c32169 _d32169 |
||